| 000 | 00482cam a2200193 4500 | ||
|---|---|---|---|
| 001 | B2046 | ||
| 008 | 090401t1988 xxu||||| |||| 00| 0 eng d | ||
| 035 | _a(Sirsi) u47784 | ||
| 041 | _aeng | ||
| 050 | _a333.3370942132 | ||
| 110 |
_aAllsop and Co _92757 |
||
| 245 | 4 | _aThe Soho , Covent Garden & Portland office survey 1988 | |
| 260 |
_aLondon _bAllsop and Co _c1988 |
||
| 300 | _a27p. : ill. ; 30cm. | ||
| 350 | _a0 | ||
| 650 | _aOFFICES | ||
| 942 | _n0 | ||
| 948 | _c04/03/1997 | ||
| 999 |
_c92199 _d92199 |
||